1991 1340 1349 1220 1505 1974 1977 1724 1685 1082 1828 1395 1352 1654 1376 1984 1844 1730 1154 1503 1664 1631 1538 1389 1690 1433 1281 1326 1415 1930 1860 1157 1237 1897 1837 1050 1877 1142 1035 1638 1002 1244 1899 1917 1551 1105 1759 1114 1150 1387 1411 1489 1118 1703 1162 1881 1411 1448 1695 1624 1211 1656 1993 1967 1782 1131 1792 1481 1250 1064 1524 1577 1070 1245 1390 1010 1598 1571 1437 1735 1891 1413 1486 1592 1078 1148 1603 1538 1751 1438 1652 1743 1114 1841 1851 1771 1441 1423 1078 BCNSPRNW ULIB Ver.6.0+V

เปลี่ยนเป็นภาษาไทย

Change to English
 แสดงรายละเอียดบรรณานุกรม
  กลับหน้าหลัก

Brief Record : Get Marc (ISO 2709) : E-mail record : QR code < ปิดหน้าต่าง
LEADER : 00000nam 2200000uu 4500
001    13399111494
003     ULIB
008    110628s||||||||th 000 0 tha d
020    9789742257675
050  4 BQ1463.T5^bว968น
100 0  ไวทย์ สันตยารมณ์
245 10 วงล้อศักดิ์สิทย์/^cไวทย์ สันตยารมณ์
250    พิมพ์ครั้งที่ 1
260    สงขลา :^bบ้านครูไวทย์,^c 2553
300    163 หน้า
440  0 นิยายอิงธรรม
650  7 นิยายอิงธรรม
945    ^p0^l0^i028965
945    ^p0^l0^i028966
945    ^p0^l0^i028964
945    ^p0^l0^i001557
995    ทศพร
999 ^a ใช้งานได้ทุกระบบ
รายการนี้ยังไม่มีแท็ก
คุณยังไม่ได้ล็อกอิน คุณสามารถมีกิจกรรมร่วมกับเว็บไซต์ได้ แต่ต้องล็อกอินก่อน ::
  ล็อกอิน

รายการสื่อสารสนเทศ

ลำดับที่ ประเภท เลขเรียก/บาร์โค้ด สถานที่ สถานะ
1. การศึกษาทั่วไป
การศึกษาทั่วไป
BQ1463.T5 ว968น ฉ.4 
  Barcode: 001557
ห้องสมุดวิทยาเขตสวรรค์ประชารักษ์
►หนังสือทั่วไป
บนชั้น

รายการใกล้เคียง
    ผู้แต่ง [ไวทย์ สันตยารมณ์]

    หัวเรื่อง [นิยายอิงธรรม]

BibComment


ยังไม่เคยถูกคอมเมนท์

คอมเมนท์ทรัพยากรรายการนี้
  คอมเมนท์: วงล้อศักดิ์สิทย์ ..


 Copyright 2026. Bcnsprnw @Library